000 00863cam a22002531 4500
001 sd 49000299
003 DLC
005 20260227112735.0
008 910118s1944 dcu 000 0 eng c
010 _asd 49000299
035 _a(OCoLC)22977803
040 _aU.S. Dept. of State. Library
_cCSt-H
_dDLC
042 _apremarc
050 0 0 _aUB250
_b.U33 no. 2375
082 _a940.5344
110 1 _aUnited States.
_bOffice of Strategic Services.
_bResearch and Analysis Branch.
245 1 0 _aAllied civil affairs administration in liberated France.
260 _a[Washington]
_c1944.
300 _a10 p.
_c27 cm.
490 1 _aIts R & A
_vno. 2375
651 0 _aFrance
_xPolitics and government
_y1940-1945.
650 0 _aWorld War, 1939-1945
_zFrance.
810 1 _aUnited States.
_bDepartment of State.
_bOffice of Intelligence Research.
_tR & A ;
_vno. 2375.
999 _c90005
_d90005